• 首页
  • 本馆介绍
  • 公告通知
  • 最新文献
  • 馆藏检索
  • 电子资源
  • 读者导购
  • 参考咨询
  • 我的图书馆
  • 登录
  • 详细信息显示
  • 放入我的书架
  • 预约/预借图书
  • 作者相关作品
  • 分类相关作品
  • 丛书相关作品
  • 出版社相关作品

书目信息

  • 表格格式
  • 工作单格式
  • 卡片格式
题名:
走向一流的历史轨迹
    
 
作者: 周谷平 , 赵师红 编
分册:   中国卷之一
出版信息: 杭州   浙江大学出版社  2015.09
页数: 494页
开本: 24cm
丛书名:
单 册:
中图分类: G647.12-53
科图分类:
主题词: 高等学校--校长--学校管理--世界--文集
电子资源:
ISBN: 978-7-308-14764-4
000 01364nam0 2200289 450
001 0120151674553
005 20160614151338.39
010    @a978-7-308-14764-4@dCNY95.00
100    @a20151009d2015 em y0chiy50 ea
101 0  @achi
102    @aCN@b330000
105    @ay z 001yy
106    @ar
200 1  @a走向一流的历史轨迹@9zou xiang yi liu de li shi gui ji@e中外著名大学校长治校理念与办学制度文献选编@i中国卷之一@f周谷平,赵师红编
210    @a杭州@c浙江大学出版社@d2015.09
215    @a494页@d24cm
300    @a本书系浙江大学“211工程”第三期专项经费资助项目 中央高校基本科研业务费专项资金资助
304    @a英文共同题名:The course of history towards the first rate
330    @a本书精选了中国近代一些著名大学,如北京大学、清华大学、浙江大学、南开大学等大学校长的教育理念、教育思想及相关文献,从而体现校长治学理念对这些学校的发展和在促进中国高等教育现代化过程中的作用。主要内容包括:蔡元培、傅斯年、郭秉文、胡适、胡先骕、蒋梦麟等。
333    @a教育管理者
517 1  @a中外著名大学校长治校理念与办学制度文献选编@9zhong wai zhu ming da xue xiao zhang zhi xiao li nian yu ban xue zhi du wen xian xuan bian
606 0  @a高等学校@x校长@x学校管理@y世界@j文集
690    @aG647.12-53@v5
701  0 @a周谷平@9zhou gu ping@4编
701  0 @a赵师红@9zhao shi hong@4编
801  0 @aCN@b人天书店@c20151009
905    @b879106-11@dG647.12-53@e772@f6
    
    走向一流的历史轨迹:中外著名大学校长治校理念与办学制度文献选编.中国卷之一/周谷平,赵师红编.-杭州:浙江大学出版社,2015.09
    494页;24cm
    本书系浙江大学“211工程”第三期专项经费资助项目 中央高校基本科研业务费专项资金资助.-使用对象:教育管理者
    
    ISBN 978-7-308-14764-4:CNY95.00
    本书精选了中国近代一些著名大学,如北京大学、清华大学、浙江大学、南开大学等大学校长的教育理念、教育思想及相关文献,从而体现校长治学理念对这些学校的发展和在促进中国高等教育现代化过程中的作用。主要内容包括:蔡元培、傅斯年、郭秉文、胡适、胡先骕、蒋梦麟等。
●
相关链接 在E读中查询图书 在五车中查询图书 在当当中查询图书 在豆瓣中查询图书


正题名:走向一流的历史轨迹     索取号:G647.12-53/772         预约/预借

序号 登录号 条形码 馆藏地/架位号 状态 备注
1 879106   208791066   第一样本阅览室/ [索取号:G647.12-53/772] 在馆    
2 879107   208791075   教育系资料室/ [索取号:G647.12-53/772] 在馆    
3 879108   208791084   教育系资料室/ [索取号:G647.12-53/772] 在馆    
4 879109   208791093   教育系资料室/ [索取号:G647.12-53/772] 在馆    
5 879110   208791100   第四借阅区/ [索取号:G647.12-53/772] 在馆    
6 879111   208791119   第四借阅区/ [索取号:G647.12-53/772] 在馆    
唐山师范学院图书馆 欢迎您!
大连网信软件有限公司© 版权所有